Online
Catalog

El rostro oculto de la desobediencia civil : (Record no. 12269)

MARC details
000 -CABECERA
campo de control de longitud fija 00946cam a2200241 a 4500
001 - NÚMERO DE CONTROL
campo de control 000012614
005 - FECHA Y HORA DE LA ÚLTIMA TRANSACCIÓN
campo de control 20200929163040.0
008 - DATOS DE LONGITUD FIJA--INFORMACIÓN GENERAL
campo de control de longitud fija 030514s2003 pr a 000 0 spa d
010 ## - NÚMERO DE CONTROL DE LA BIBLIOTECA DEL CONGRESO
Número de control de LC 2003460066
040 ## - FUENTE DE LA CATALOGACIÓN
Centro catalogador/agencia de origen DO-SdBNP
Centro/agencia transcriptor DLC
Centro/agencia modificador DLC
-- BNPHU
042 ## - CÓDIGO DE AUTENTICACIÓN
Código de autenticación pcc
082 ## - NÚMERO DE LA CLASIFICACIÓN DECIMAL DEWEY
Número de clasificación 972.959
Número de documento/Ítem R839
049 ## - FONDOS LOCALES (OCLC)
Fondos de biblioteca BNGR
245 03 - MENCIÓN DE TÍTULO
Título El rostro oculto de la desobediencia civil :
Resto del título testimonios desde la cárcel /
Mención de responsabilidad, etc. Carlos Alá Santiago, concepto y entrevistas ; edición de entrevistas Josean Ramos ; ilustraciones Ernesto Peña Carambort.
260 ## - PUBLICACIÓN, DISTRIBUCIÓN, ETC.
Lugar de publicación, distribución, etc. Puerto Rico :
Nombre del editor, distribuidor, etc. Sociedad de Autores Libres,
Fecha de publicación, distribución, etc. 2003.
300 ## - DESCRIPCIÓN FÍSICA
Extensión 265 p. :
Otras características físicas il. ;
Dimensiones 28 cm.
651 #4 - PUNTO DE ACCESO ADICIONAL DE MATERIA--NOMBRE GEOGRÁFICO
Nombre geográfico Vieques (Puerto Rico{Rpara}
Subdivisión general Historia
9 (RLIN) 29336
650 #4 - PUNTO DE ACCESO ADICIONAL DE MATERIA--TÉRMINO DE MATERIA
Término de materia o nombre geográfico como elemento de entrada Resistencia civil
Subdivisión geográfica Puerto Rico
-- Vieques
Subdivisión general Historia
9 (RLIN) 29337
700 1# - PUNTO DE ACCESO ADICIONAL--NOMBRE DE PERSONA
Nombre de persona Alá Santiago, Carlos.
9 (RLIN) 29338
700 1# - PUNTO DE ACCESO ADICIONAL--NOMBRE DE PERSONA
Nombre de persona Ramos, Josean,
Término indicativo de función/relación ed.
9 (RLIN) 21308
700 1# - PUNTO DE ACCESO ADICIONAL--NOMBRE DE PERSONA
Nombre de persona Peña Carambort, Ernesto,
Término indicativo de función/relación il.
9 (RLIN) 29339
910 ## - DATOS DE OPCIÓN DEL USUARIO (OCLC)
Datos de opción del usuario Catalogación por copia / LC
Holdings
Estado de retiro Estado de pérdida Restricciones de uso No para préstamo Código de colección Localización permanente Ubicación/localización actual Ubicación en estantería Fecha de adquisición Número de inventario Total de préstamos Signatura topográfica completa Código de barras Fecha visto por última vez Precio válido a partir de Tipo de ítem Koha
    Préstamo interno   Monografías: Libros y Folletos General General En catalogación 13.11.2009 LF1   972.959 R839 12614-10 25.06.2020 25.06.2020 Préstamo interno

Powered by Koha